[Event "EU-Cup 14th Group4"]
[Site "Narva"]
[Date "1998.10.24"]
[Round "2"]
[White "Agdestein, Simen"]
[Black "Khalifman, Alexander"]
[Result "1/2-1/2"]
[WhiteElo "2545"]
[BlackElo "2645"]
[Annotator "Khalifman,A"]
[PlyCount "54"]
[EventDate "1998.10.23"]
[EventType "team-k.o."]
[EventRounds "3"]
[EventCountry "EST"]
[SourceTitle "EXT 2020"]
[Source "ChessBase"]
[SourceDate "2019.10.17"]
[SourceVersion "1"]
[SourceVersionDate "2019.10.17"]
[SourceQuality "1"]
[WhiteTeam "Oslo Schakselkap"]
[BlackTeam "St Petersburg"]
[WhiteTeamCountry "NOR"]
[BlackTeamCountry "RUS"]

1. d4 d6 2. c4 e5 3. Nf3 e4 4. Nfd2 f5 5. e3 Nf6 6. Nc3 c5 (6... g6 $11) (6...
c6 $11) 7. Be2 Nc6 8. Nb3 (8. d5 Ne5 9. f4 (9. O-O g6 10. f3 exf3 11. Nxf3
Nxf3+ 12. Bxf3 Bg7 $11 {Vogel,R-Hodgson,J/BL9394 1994/BL 90/0-1 (49)}) 9...
exf3 10. Nxf3 Nfg4 11. O-O Be7 12. h3 (12. Nxe5 Nxe5 13. e4 O-O $11 {Lputian,
S-Lukin,A/Blagoveshensk 1988/Inf 46 (17)}) 12... Nxf3+ 13. gxf3 (13. Bxf3 Ne5
14. Bh5+ g6 15. Be2 O-O 16. e4 Bg5 $11) 13... Ne5 14. f4 Ng6 15. Bd3 O-O $11 {
1/2-1/2 Kakageldyev,A-Lukin,A/Frunze op 1989/TD 89\09 (22)}) 8... Be7 9. f3 (9.
O-O O-O 10. f4 $5 b6 11. h3 Bb7 12. d5 Nb8 13. g4 $14 {Rogers,I-Hartoch,R/
Wijk-B 1985}) 9... O-O 10. O-O b6 (10... Kh8 11. fxe4 (11. a3 a5 12. a4 Nb4 13.
Bd2 Be6 $13 {Klimm,W-Agrest,E/Berliner Sommer 1993/EXT 93op/0-1 (49)}) (11. Qc2
cxd4 12. exd4 d5 $13 (12... Qb6 13. Qd1 exf3 14. Rxf3 Bd7 15. Be3 Ng4 16. Nd5
Qd8 17. Bf4 $14 {Rossiter,P-McNab,C/Dublin zt 1993/EXP 34/0-1 (46)})) 11...
Nxe4 $5 (11... fxe4 12. dxc5 dxc5 13. Qxd8 Rxd8 14. Nd2 $14 {1/2-1/2 Crouch,
C-McNab,C/ch-SCO, Aviemore 1997 (27)})) 11. Bd2 (11. fxe4 Nxe4 12. Bf3 Nxc3 13.
bxc3 Bd7 14. Bd5+ Kh8 $13) 11... a5 12. fxe4 (12. a4 $5) 12... a4 $1 13. Nc1
fxe4 14. Nxa4 (14. d5 Ne5 15. Qc2 (15. Nxa4 Nfg4 16. Nc3 (16. h3 Rxf1+ 17. Bxf1
Bh4 $1 18. hxg4 Nxg4 $17) 16... Bg5 $44) 15... a3 $5 (15... Nfg4 16. h3 Rxf1+
17. Bxf1 Bh4 (17... Qf8 18. hxg4 Nxg4 19. Nxe4 Bf5 20. Qd1 $16) 18. hxg4 Nxg4
19. Nxe4 Bf5 (19... Qf8 20. Be2) 20. Bd3 $16) 16. Rb1 g6 $13) 14... cxd4 15.
exd4 d5 $1 (15... Nxd4 16. Be3 Nxe2+ 17. Nxe2 $14) 16. Be3 Kh8 (16... Be6 17.
Qb3 $14) 17. Nc3 $6 (17. b3 $5 dxc4 18. bxc4 Nxd4 19. Nxb6 (19. Qxd4 Rxa4 20.
Qxb6 Qxb6 21. Bxb6 Ba6 $11) 19... Nxe2+ 20. Qxe2 (20. Nxe2 Ra3 $44) 20... Bg4
21. Qe1 Ra6 $44) 17... dxc4 18. Qd2 (18. Bxc4 Ng4 19. Rxf8+ Qxf8 20. Qd2 Nxe3
21. Qxe3 Nxd4 $36) 18... Be6 19. Bd1 Nb4 $6 (19... Bd6 $1 $36) 20. N1e2 Nd3 21.
Ng3 Bb4 22. Be2 Qe7 23. Bg5 (23. a3 $5 Bxc3 24. bxc3 Rxa3 25. Rxa3 Qxa3 26. Bg5
$44) 23... Qd7 24. Bxf6 (24. Qe3 Bxc3 25. bxc3 Nd5 26. Qd2 Bg4 $36) 24... gxf6
25. Ngxe4 (25. Qe3 f5 $17) 25... Qxd4+ 26. Nf2 Bc5 (26... Rg8 $5 27. Bxd3 Rxg2+
$1 (27... Bd5 28. g3) 28. Kxg2 Rg8+ 29. Kf3 (29. Kh1 cxd3 30. Qxd3 Bxc3 31.
Qxd4 Bxd4 32. Ne4 Bd5 $19) 29... Bg4+ 30. Nxg4 Qxg4+ 31. Kf2 Qh4+ (31... cxd3
$5 32. Qxd3 Qg2+ 33. Ke1 Qxb2 34. Rb1 Bxc3+ 35. Kd1 Qxa2) 32. Ke2 (32. Kf3 Qh3+
33. Ke4 Bxc3 34. Qxc3 Re8+ 35. Kd4 Qg4+ 36. Rf4 Qxf4+ 37. Kd5 cxd3 $19) 32...
Rg2+ 33. Kd1 Rxd2+ 34. Kxd2 Qh6+ 35. Kc2 Qxh2+ 36. Be2 Bxc3 37. Kxc3 Qxe2 $15)
27. Bxd3 Qxd3 1/2-1/2

[Event "EU-Cup 14th final"]
[Site "Belgrade"]
[Date "1999.01.11"]
[Round "1"]
[White "Khalifman, Alexander"]
[Black "Golod, Vitali"]
[Result "1/2-1/2"]
[WhiteElo "2616"]
[BlackElo "2554"]
[Annotator "Golod,V"]
[PlyCount "103"]
[EventDate "1999.01.11"]
[EventType "team-k.o."]
[EventRounds "3"]
[EventCountry "YUG"]
[SourceTitle "EXT 2020"]
[Source "ChessBase"]
[SourceDate "2019.10.17"]
[SourceVersion "1"]
[SourceVersionDate "2019.10.17"]
[SourceQuality "1"]
[WhiteTeam "St Petersburg"]
[BlackTeam "Beer-Sheva Chess Club"]
[WhiteTeamCountry "RUS"]
[BlackTeamCountry "ISR"]

{[%mdl 2] This game was played in the first round of European Club Cup Final.
It was very important to hold all blacks in this match.} 1. e4 e5 2. Nf3 Nc6 3.
Bb5 a6 4. Ba4 Nf6 5. O-O Nxe4 6. d4 b5 7. Bb3 d5 8. dxe5 Be6 9. Nbd2 Bc5 10.
Nxe4 $5 dxe4 11. Ng5 $1 {In my opinion 11.Ng5 is better,than:} (11. Qxd8+ $6) (
{and} 11. Bxe6) 11... Qxd1 12. Rxd1 Bxb3 13. axb3 ({Worse is:} 13. cxb3 Bd4 $5
(13... O-O $143 14. e6 fxe6 15. Be3 Bxe3 16. fxe3 Nb4 17. Rac1 $13 {0-1 Rowson,
J-Gyimesi,Z/Bratislava 1993/TD (56)}) 14. Nxe4 (14. Bf4 $143 Bxb2 15. Rab1 Bxe5
16. Bxe5 Nxe5 17. Rd5 f6 18. Nxe4 Rd8 $15 {0-1 Duncan,C-Flear,G/Hastings 1994/
EXT 98 (41)}) 14... O-O-O 15. Bg5 Rd5 16. Nc3 Rxe5 17. Bf4 Rf5 18. Bg3 Rd8 $15
{0-1 Pink,S-Flear,G/London 1993/EXT 98 (52)}) 13... O-O {Besides,black has
several options:} (13... Bd4 $5 14. Nxe4 (14. e6 $6 f5) 14... Bxe5 15. c3 (15.
Nc5 $5) 15... O-O 16. f4 f5 {+/=/=}) (13... Ke7 $6 14. Nxe4 Bb6 15. Bf4 h6 16.
Nc3 Nb4 17. Nd5+ Nxd5 18. Rxd5 {+/=/+/- Peng,X-Gretarsson,H/Moscow(ol),1994
(1-0);(52)}) (13... Bb6 $5 14. Nxe4 (14. e6 $6 f5 15. Be3 Bxe3 16. fxe3 h6 17.
Nh3 (17. Nf7 $5 O-O $11) 17... g5 18. Rd7 Nd8 19. Rd5 Rf8 20. Rxb5 axb5 21.
Rxa8 Ke7 22. Rb8 c6 23. c4 Nxe6 24. Rb7+ Kf6 $15 {1/2-1/2 Dimitrov,V-Cozianu,C/
Varna 1994/EXT 97 (44)}) 14... Nxe5 $5 (14... Nd4 15. Bg5 $1 h6 $5 (15... O-O
16. Rd2 Nc6 17. Nc3 $1 {/\ Nd5+/-} Bd4 18. Bf4 Rfe8 $2 (18... Bxe5 $142 19.
Bxe5 Nxe5 20. f4 Ng6 21. g3 Rfd8 22. Rad1 $14) 19. Kf1 $1 $16 {1-0 Wang
Zili-Kolev,A/Moscow (ol) 1994/Inf 62/[Wang Zili] (51)}) (15... Nxc2 $2 16. Rxa6
$1 $16 {[%csl Re8]}) 16. c3 Nxb3 17. Rxa6 O-O 18. Rxa8 Rxa8 19. Be7 Na5 20. e6
f5 $2 (20... fxe6 $14) 21. Ng3 g6 22. Rd8+ Rxd8 23. Bxd8 $16 {1-0 Wang
Zili-Mikhalevski,V/Groningen 1996/EXT 98 (34)}) 15. Nc3 (15. Bg5 $5 O-O (15...
f6 $6 16. Nxf6+ $5 (16. Bf4 $14) 16... gxf6 17. Bxf6 Bxf2+ $5 (17... O-O $2 18.
Bxe5 Rxf2 19. Bxc7 $1 $16) 18. Kh1 $8 (18. Kxf2 $4 Ng4+ $19 {[%csl Rf2,Rf6]}) (
18. Kf1 $4 O-O 19. Bxe5 Bd4+ $19) 18... Ng6 19. Bxh8 Nxh8 20. Rd5 $14 {[%csl
Ra8,Rh7][%cal Gd5h5,Gd5b5]}) 16. Rd2 Nc6 17. Nc3 Bd4 18. Bf4 $14) (15. Bf4 Ng6
16. Be3 Bxe3 (16... O-O 17. Bxb6 cxb6 18. f3 b4 19. Nd6 $14 Rfd8 20. Kf2 Kf8
21. Nc4 Rdc8 22. Rd6 b5 23. Ne3 a5 24. Rd5 Rcb8 25. Rd4 Ne7 26. Rd7 {1/2-1/2
Smirin,I-Khalifman,A/Novosibirsk 1995/CBM 50 (26)}) 17. fxe3 Ke7 18. Nc5 Rhd8
19. Rxd8 Rxd8 20. Nxa6 Rd2 21. Nxc7 Nh4 22. Nxb5 Rxg2+ 23. Kh1 Rxc2 24. Nd4
Rxb2 $11 {1/2-1/2 Sammalvuo,T-Taivainen,J/Helsinki 1995/EXT 99 (28)}) (15. Rd5
$6 Nc6 16. Rxb5 $140 $4 Rd8 $19 {[%csl Rb5,Rg1][%cal Gd8d1,Ga6b5]}) 15... Ng4
16. Nd5 O-O-O 17. Nxb6+ cxb6 18. Bf4 Kb7 19. Kf1 $14 {1/2-1/2 Todorovic,
G-Kolev,A/Vrnjacka Banja 1990/EXT 97 (50)}) ({Badly:} 13... Nxe5 {in view of:}
14. Rd5 {[%csl Rc5,Re5]} Nd7 15. Nxe4 Bb6 16. Rxb5 $16) ({Dubious:} 13... Nb4
$6 {because of:} 14. Bf4 $1 (14. e6 $6 f5 15. Bd2 $13) (14. c3 Nc2 15. Rb1 e3
16. Kf1 exf2 17. Ne4 $11) 14... e3 15. Bxe3 Bxe3 16. fxe3 Nxc2 17. Rac1 Nxe3
18. Rd3 Ng4 19. e6 $36) 14. Nxe4 Bb6 $6 (14... Bd4 $142 $5 15. c3 (15. e6 $5 {
-see comments to Wang Zili-Karaklajic,N/Beijing 1997/CBM 61(1-0)(Mikhalevski,V)
(75)}) 15... Bxe5 16. f4 f5 $1 17. fxe5 (17. Nc5 $5) 17... fxe4 18. Rd5 (18.
Re1 Nxe5 19. Rxe4 Nd3 $11) 18... Rae8 19. Rc5 Nxe5 20. Rxc7 Ng4 21. h3 e3 22.
hxg4 e2 23. Be3 (23. Bd2 $2 Rd8 $17) 23... Rxe3 24. Re1 Rf4 25. Rc6 Rxg4 26.
Rxa6 b4 27. Ra4 h5 28. Rxb4 Rxb4 29. cxb4 Rxb3 30. Rxe2 Rxb4 31. g3 $11 {
1/2-1/2 Jonsson,B-Gretarsson,H/Reykjavik 1993/EXT 97 (46)}) 15. Bf4 $1 (15. Nc3
$6 {-was checked in the previous games:} Nb4 16. Bg5 $2 (16. Rd2 $5) 16... Nxc2
17. Rac1 Nd4 18. b4 Rfe8 19. Re1 h6 20. Bf4 Rad8 21. Ne4 Rd5 {=/+/-/+
Sutovskij,E-Golod,V(Rapid),Rishon Le Zion,1997(0-1).}) (15. Be3 $6 Bxe3 16.
fxe3 Nxe5 17. h3 f6 18. Nc5 {+/=/= Tyomkin,D-Rapoport,E/ISR(ch),1996(1-0);(53)}
) 15... Rfe8 ({Badly:} 15... Nd4 $2 {[%csl Rc2,Rf4][%cal Gd4e2,Gd4c2] because
of:} 16. Rd2 {+/=/+/-}) 16. Nc3 Nd4 {is the best move.} (16... Nxe5 $2 {
is refuted by:} 17. Nxb5 $1 (17. Nd5 $5 f6 18. Nxb6 cxb6 19. Rd6 {+/=/+/-})
17... axb5 (17... Ng4 $2 18. Nxc7 Nxf2 19. Nxa8 Nxd1+ 20. Kf1 $18) 18. Rxa8
Nf3+ 19. gxf3 Rxa8 20. Rd7 c6 21. Bc7 {+/=/+/-}) ({Also badly:} 16... Bd4 {
in view of:} 17. e6 {[%csl Rc7]} fxe6 18. Bxc7 e5 19. Nd5 Bxb2 20. Ra2 Bd4 21.
c3 Bc5 22. b4 $16) 17. Rd2 Ne6 $5 $146 (17... Rad8 $143 18. Rad1 c5 19. Kf1 h6
20. Ne4 Ba5 (20... Nxc2 $142) 21. b4 $1 $18 {1-0 Rowson,J-Ledger,D/Newcastle
1995/EXT 99 (27)}) 18. Be3 $1 (18. Bg3 $143 Bd4 $44) 18... Bxe3 19. fxe3 {
[%mdl 4096] +/=/+/-} b4 $1 {[%mdl 256]} (19... Nf8 $143 20. Nd5 Ra7 21. Nb4 $16
{[%csl Ra6]}) 20. Nd5 $1 ({Slightly worse is:} 20. Ne4 Nf8 21. Ra5 Ng6 22. Rdd5
(22. Rd7 $143 Nxe5 23. Rxc7 Ng4 $11) 22... f6 $14) 20... Reb8 21. Ra5 Kf8 22.
Nf4 $5 {[%cal Gg1f1,Gf1e2] /\Kf1-e2} Rb6 ({Badly:} 22... Rb5 {in view of:} 23.
Rxb5 $1 (23. Rd5 Rb6 24. Kf2 {+/=/+/-}) 23... axb5 24. Nxe6+ fxe6 25. Rd7 $16 {
and white has a big advantage in the endgame.}) 23. Kf1 Ke8 24. Ke2 Nd8 $5 {
/\25...Nb7 26.Rad5 Rd8} 25. Nd5 Rb7 26. Rd1 {[%csl Ra6][%cal Gd1a1]} c6 $1 27.
Nf4 Rb6 {[%cal Gd8b7]} 28. Nh5 $6 ({Possibly:} 28. Ra4 $5 {[%csl Rb4] /\Nd3,
Rda1}) 28... Ne6 29. Rda1 Ra7 {[%cal Ya7e7]} 30. Nf4 Nd8 31. Rc5 Re7 32. Rca5
Ra7 {/\Nb7} 33. Rc5 $138 Re7 34. Nd3 $5 {[%csl Rb4][%cal Gc5c4]} Nb7 35. Rc4 a5
36. Rf1 Nd8 {[%cal Yd8c6,Gb6b5]} 37. Rh4 $5 h6 38. Rc4 Rb5 39. g4 Rd5 $14 40.
Rd4 Red7 $5 ({Loses:} 40... Rxd4 $2 41. exd4 Ne6 42. Ke3 Rd7 43. c3 bxc3 44.
bxc3 Rb7 45. Rb1 $18) 41. Rc4 Rc7 ({Can be recommended:} 41... Re7 $5) 42. Rc5
$5 {קa5} Rxc5 43. Nxc5 Re7 44. Nd3 Rb7 {[%csl Rf4][%cal Gd8e6,Ye6f4,Gb7b5]
with the idea:Rb5,Ne6(קa5)} 45. Rf4 $1 {/\Rc4(קc6)} Ne6 $1 46. Rc4 Kd7 47.
Nf4 $5 ({After:} 47. Nc5+ $5 Nxc5 48. Rxc5 Rb5 $1 (48... Ra7 $2 49. Kd3 $16)
49. Rxb5 $8 cxb5 {I have a forcing draw in the pawn endgame:} 50. Kd3 Ke6 51.
Kd4 a4 $3 ({Loses:} 51... g5 $2 52. Kc5 Kxe5 53. Kxb5 f5 $1 54. gxf5 $140 g4
55. c4 $1 bxc3 56. bxc3 h5 57. c4 h4 58. c5 g3 59. hxg3 hxg3 60. c6 Kd6 (60...
g2 61. c7 g1=Q 62. c8=Q $18) 61. f6 g2 62. f7 Ke7 63. c7 g1=Q 64. f8=Q+ Kxf8
65. c8=Q+ Kf7 66. Qd7+ Kf8 67. Qd6+ Kf7 68. Qf4+ Ke6 69. Kxa5 $18) 52. bxa4
bxa4 53. Kc4 a3 54. bxa3 bxa3 55. Kb3 Kxe5 56. Kxa3 g5 57. Kb4 f5 $1 58. gxf5
$140 g4 59. c4 (59. Kc3 h5 60. Kd2 h4 61. Ke2 Kxf5 62. c4 Ke4 63. Kf2 Ke5 64.
Ke2 Ke4 $11 {[%csl Gc4,Ge3,Ye4]}) 59... Kxf5 60. c5 Ke6 61. Kb5 Kd7 62. Kb6 Kc8
63. e4 h5 64. e5 h4 65. e6 g3 66. hxg3 (66. c6 $4 g2 $1 67. c7 g1=Q+ $19) (66.
Kc6 $4 gxh2 (66... Kd8 $19) 67. e7 h1=Q+ $19) (66. e7 Kd7 67. hxg3 hxg3 68. c6+
Kxe7 69. c7 $11) 66... hxg3 (66... h3 $4 67. c6 Kd8 (67... h2 68. e7 h1=Q 69.
e8=Q#) 68. c7+ Kc8 69. e7 $18) 67. Kc6 (67. e7 Kd7 68. c6+ Kxe7 69. c7 $11)
67... Kd8 68. Kb7 g2 69. c6 g1=Q 70. c7+ Ke7 71. c8=Q Qb1+ $11) 47... Rb5 $1
48. Nxe6 fxe6 49. Rd4+ (49. Rf4 Ke7 50. Rc4 Kd7 51. Rd4+ {and see-49.Rf4})
49... Kc7 (49... Ke7 $2 50. Rd6 Rc5 51. Kd3 $16) 50. Rf4 Rc5 $1 {[%csl Rc2,Re5]
is the only move!} ({Badly:} 50... Rd5 {because of:} 51. h4 $1 $16 ({After:} 
51. Rf7+ Rd7 52. Rxd7+ $2 (52. Rf8 $5) 52... Kxd7 {Again I have a forcing draw
in the pawn endgame.} 53. g5 h5 $1 {[%cal Gg7g6]} ({Loses right away:} 53...
hxg5 $4 54. Kf3 c5 55. Kg4 c4 56. Kxg5 cxb3 57. cxb3 Ke7 58. Kg6 Kf8 59. h4 $18
{[%csl Re6][%cal Gh4h5,Gh5h6]}) 54. g6 c5 55. Kf3 Kc6 56. e4 c4 57. Kf4 Kc5 58.
Ke3 (58. Kg5 $2 Kd4 59. Kxh5 c3 60. bxc3+ Kxc3 (60... bxc3 $2 61. h4 Ke3 62.
Kg4 Kd2 63. h5 Kxc2 64. h6 Kxb3 65. hxg7 c2 66. g8=Q c1=Q 67. Qxe6+ $18) 61. h4
Kxc2 62. Kg4 a4 63. h5 axb3 64. h6 gxh6 65. g7 b2 66. g8=Q b1=Q 67. Qxe6 $15)
58... cxb3 59. cxb3 Kb5 60. Kd4 Kb6 61. Kc4 Kc6 $11)) ({and:} 50... Rxe5 $2 {
because of:} 51. Rf7+ Kb6 52. Rxg7 Rc5 53. Kd2 Rd5+ 54. Kc1 Re5 55. Rh7 Rxe3
56. Rxh6 $18) 51. Kd2 Rd5+ $1 {[%csl Re3]} 52. Ke2 {After this move Khalifman
proposed a draw as this game has no an influence on the mach which had already
been won by our team.} ({Though all:} 52. Ke2 Rc5 53. Rf7+ $5 Kd8 $140 (53...
Kb6 $6 54. Kd3 Rd5+ 55. Ke4 Rc5 56. Rf2 $16) 54. Kd3 Rd5+ 55. Ke4 Rd2 56. Rxg7
Rxc2 (56... Rxh2 $2 57. Kd3 $16) 57. h4 Rxb2 58. h5 Rh2 $1 {[%csl Ga5,Gb4] I
have a good chances for a draw.} (58... Rxb3 $2 59. g5 hxg5 60. h6 Rb1 61. h7
Rh1 62. Rg8+ Kc7 63. h8=Q Rxh8 64. Rxh8 $18)) 1/2-1/2

[Event "EU-Cup 14th final"]
[Site "Belgrade"]
[Date "1999.01.12"]
[Round "2"]
[White "Anand, Viswanathan"]
[Black "Khalifman, Alexander"]
[Result "1/2-1/2"]
[WhiteElo "2784"]
[BlackElo "2616"]
[Annotator "Rogozenco,D"]
[PlyCount "58"]
[EventDate "1999.01.11"]
[EventType "team-k.o."]
[EventRounds "3"]
[EventCountry "YUG"]
[SourceTitle "EXT 2020"]
[Source "ChessBase"]
[SourceDate "2019.10.17"]
[SourceVersion "1"]
[SourceVersionDate "2019.10.17"]
[SourceQuality "1"]
[WhiteTeam "Zemun Agrouniverzal"]
[BlackTeam "St Petersburg"]
[WhiteTeamCountry "SRB"]
[BlackTeamCountry "RUS"]

1. e4 c5 2. Nf3 Nc6 3. d4 cxd4 4. Nxd4 Nf6 5. Nc3 e5 6. Ndb5 d6 7. Bg5 a6 8.
Na3 b5 9. Bxf6 gxf6 10. Nd5 f5 11. c3 Bg7 12. exf5 Bxf5 13. Nc2 O-O 14. a4 {
This never proved to be a problem for Black. Curiously, if Anand chooses such
lines to combat Sveshnikov variation, isn't it a good reason to think that
Black is OK in the main lines?} Ne7 (14... bxa4 15. Nce3 Bd7 {~}) (14... Be6
15. axb5 axb5 16. Rxa8 Qxa8 17. Nc7 Qa2 $132 {Ljubojevic-Illescas, Pamplona 96}
) 15. Bd3 (15. Ncb4 $2 Nxd5 16. Qxd5 Be6 17. Qd1 Qb6 18. a5 Qb7 19. Qxd6 Qe4+
20. Be2 Bc4 {-/+ Marin Corresa - Perdiguero Duenas, Esp. 92}) 15... Be6 16. Be4
{Only this move is a novelty. However, it doesn't seem to put big problems for
Black.} (16. Qh5 f5 17. Nxe7+ Qxe7 18. axb5 e4 19. Be2 f4 $36 {Santo Roman -
San Segundo, Moscow olm. 94}) 16... Rc8 (16... Rb8 $5 {Deserves serious
attention.} 17. Ncb4 (17. Nxe7+ Qxe7 18. Nb4 Qh4 19. Bd5 Bxd5 20. Nxd5 (20.
Qxd5 bxa4 21. Rxa4 Rb5 $36) 20... Qe4+ 21. Ne3 Bh6 22. Qg4+ Qxg4 (22... Qg6 23.
Nf5 {+=}) 23. Nxg4 Bg7 {=}) 17... Bxd5 18. Nxd5 (18. Bxd5 a5) 18... bxa4 {=})
17. O-O $2 {It seems that Anand just overlooked Black's answer.} (17. axb5 f5 (
17... axb5 18. O-O) 18. Nxe7+ Qxe7 19. Bd5 axb5 20. O-O {+=}) 17... Rc4 $1 {
Suddenly White faces serious problems. Anand decides to sacrifice a pawn,
trying to hold some initiative.} 18. Nxe7+ (18. Qd3 f5 19. Nxe7+ Qxe7 20. Bd5
e4 21. Bxe6+ Qxe6 22. Qe2 Rxa4 23. Rxa4 bxa4 24. Qxa6 Qb3 25. Ne3 Qxb2 26. Qxd6
Kh8 {-/+}) 18... Qxe7 19. Bd5 (19. Bd3 Rxa4 20. Rxa4 bxa4 21. Bxa6 {=+}) 19...
Rxa4 20. Ne3 Rxa1 21. Qxa1 Bc8 22. Qb1 Qg5 23. Qd3 Qg6 24. Rd1 Qxd3 25. Rxd3 {
=+ Despite Black's extra pawn, White shouldn't have big difficulties to hold
the position thanks to bad pawn structure for Black.} Bh6 (25... Rd8 26. c4 {=+
}) 26. c4 Bxe3 27. fxe3 bxc4 28. Bxc4 Rd8 29. Ra3 d5 1/2-1/2

[Event "RUS-chT 06th"]
[Site "St Petersburg"]
[Date "1999.05.17"]
[Round "2"]
[White "Rublevsky, Sergei"]
[Black "Khalifman, Alexander"]
[Result "1/2-1/2"]
[WhiteElo "2684"]
[BlackElo "2616"]
[Annotator "Finkel,A"]
[PlyCount "64"]
[EventDate "1999.05.16"]
[EventType "team-tourn"]
[EventRounds "9"]
[EventCountry "RUS"]
[SourceTitle "EXT 2020"]
[Source "ChessBase"]
[SourceDate "2019.10.17"]
[SourceVersion "1"]
[SourceVersionDate "2019.10.17"]
[SourceQuality "1"]
[WhiteTeam "Kazan Sberbank-Tatarstan"]
[BlackTeam "Sankt Petersburg Lentransgaz"]
[WhiteTeamCountry "RUS"]
[BlackTeamCountry "RUS"]

1. e4 d6 2. d4 Nf6 3. Nc3 g6 4. Nf3 Bg7 5. Bc4 O-O 6. Qe2 c6 7. e5 dxe5 8. dxe5
Nd5 9. Bd2 Bg4 10. h3 (10. O-O-O $6 e6 11. h3 Bxf3 12. gxf3 Nd7 13. f4 Qh4 14.
Nxd5 (14. Qg4 Qxf2 15. Bxd5 cxd5 16. Nxd5 $5 (16. h4 $6 h5 17. Qh3 Qc5 18. Be3
Qc6 19. Rhg1 Rfd8 $17 {Blauert,J-Kauschmann,H/FRG-ch qual 1988}) 16... h5 17.
Ne7+ Kh7 18. f5 $5 exf5 19. Qb4 Nxe5 $17 {Sosna,J-Pribyl,M/Team Championships,
CZE 1998}) 14... cxd5 15. Bb5 Nb6 16. Rdg1 Rfc8 17. Rg2 Nc4 18. Qg4 Qe7 $15 {
Adam,P-Freisler,P/Prague op 1986 (24)}) 10... Bxf3 11. gxf3 (11. Qxf3 e6 12.
Qe2 Nd7 13. f4 Qh4+ 14. Qf2 Qxf2+ 15. Kxf2 f6 16. exf6 Bxf6 $15 {Sermek,
D-Nogueiras,J/Moscow olm 1994}) 11... e6 (11... Nxc3 12. Bxc3 e6 13. f4 (13.
Bd3 Nd7 14. f4 Qh4 15. Qg4 Qe7 16. O-O-O Nc5 $13 {Reischig,T-Janda,Z/CZE-chT1a
9697}) 13... Re8 14. h4 h5 15. Rd1 Qe7 16. Rd6 $6 Nd7 17. f5 $2 Qxd6 $1 $17 {
Cicak,S-Bastian,H/BL8889}) 12. f4 Nd7 13. h4 Nxc3 (13... b5 $6 14. Bxd5 cxd5
15. h5 b4 16. Nb5 $14) 14. Bxc3 Nb6 15. Bb3 (15. Bd3 Na4 $1) 15... h5 16. Bd2
a5 17. a3 Nd5 (17... a4 $5 18. Ba2 Nd5 19. O-O-O b5 $132) 18. c4 Ne7 19. O-O-O
Nf5 {[%cal Gf5d4]} 20. Bc3 Qe7 ({More ambitious was} 20... Qb6 $5 21. Bc2 Rfd8
22. Bxf5 exf5 23. Rxd8+ (23. e6 $2 Bxc3 24. exf7+ Kxf7 25. bxc3 Qb3 $19) 23...
Rxd8 24. Qe3 Qb3 $1 $15 {and black's prospects are better.}) 21. Bc2 Rfd8 22.
Rxd8+ Qxd8 {[%csl Rh4]} (22... Rxd8 $2 {[%csl Ra5]} 23. Bxa5 $16) 23. Bxf5 exf5
24. Qe3 Qe7 {Once again black opts for safer continuation.} (24... b5 $5 25.
Rd1 $1 (25. e6 $5 Bxc3 26. exf7+ Kxf7 27. Qxc3 b4 $1 $36) 25... Qe7 (25... Qxh4
$2 26. e6 $1 Bxc3 (26... Qe7 $2 27. Rd7 $1 {[%csl Rg7]} Qxe6 28. Qxe6 fxe6 29.
Rxg7+ $18) 27. exf7+ Kxf7 28. Rd7+ Kf8 29. Qxc3 $40 {[%csl Rf8]}) 26. Rd6 b4 $5
27. axb4 axb4 28. Bxb4 Qxh4 $13) 25. Rd1 Bf8 26. Qb6 Re8 27. e6 $5 {[%csl Rg8]
[%cal Gb6d4]} (27. Bxa5 Bh6 28. Bd2 Qxh4 29. Qxb7 Bxf4 30. Qxc6 Rxe5 $13) 27...
fxe6 ({Of course not} 27... Qxe6 $2 28. Qd4 f6 29. Re1 Qxe1+ (29... Qf7 30.
Rxe8 Qxe8 31. Qxf6 $16) 30. Bxe1 Rxe1+ 31. Kd2 Re6 32. Qa7 $1 $16 {[%csl Ra5,
Rb7] with nearly winning position.}) 28. Qxa5 Bg7 29. Rg1 Bxc3 30. Qxc3 Kf7 31.
Qg3 Qf6 32. Rd1 Rd8 1/2-1/2